| 000 | 00944nam a2200241 a 4500 | ||
|---|---|---|---|
| 999 |
_c11119 _d11119 |
||
| 001 | 11119 | ||
| 003 | BD-JhCC | ||
| 005 | 20190730134326.0 | ||
| 008 | 190630b20052018bg |||| ||a| 000 0 ben d | ||
| 020 | _a9789848815359 | ||
| 035 | _a(BD-JhCC)11119 | ||
| 040 |
_aBD-JhCC _dBD-JhCC |
||
| 041 | _aben | ||
| 082 |
_a954.9205 _bPAK 2018 |
||
| 245 |
_aপাকিস্তানীদের দৃষ্টিতে একাত্তর / _cসম্পাদনা: মুনতাসীর মামুন,মহিউদ্দিন আহমেদ |
||
| 260 |
_aঢাকা: _bদি ইউনিভার্সিটি প্রেস লিমিটেড; _c২০১৮. |
||
| 300 |
_a৩৬০ পৃঃ . : _c২২ সেমি. |
||
| 651 |
_aLiberation war _zBangladesh |
||
| 700 | _aমামুন, মুনতাসীর | ||
| 700 | _aআহমেদ, মহিউদ্দিন | ||
| 942 |
_2ddc _cBK |
||